| Поле | Инд. | ПП | Название | Значение |
|---|---|---|---|---|
| Тип записи | a | |||
| Библиографический уровень | m | |||
| 001 | Контрольный номер | RU/IS/BASE/361552354 | ||
| 005 | Дата корректировки | 20250321132404.1 | ||
| 008 | Кодируемые данные | 20110616 | ||
| 040 | b | Код языка каталог. | rus | |
| e | Правила каталог. | PSBO | ||
| 041 | 0_ | a | Код языка текста | rus |
| 084 | a | Индекс другой классификации/Индекс ББК | 26.314я73; 26.304я73 | |
| 090 | a | Полочн. индекс | 26.314я73 испр. | |
| x | Авторский знак | Л 365 | ||
| 100 | 1_ | a | Автор | Левинсон-Лессинг Ф. Ю. |
| 245 | 10 | a | Заглавие | Петрография |
| b | Продолж. заглавия | учебное пособие для геологоразведочных втузов | ||
| 250 | a | Основные сведения об издании | 5-е изд., испр. и доп. | |
| 260 | a | Место издания | Ленинград | |
| b | Издательство | Государственное издательство геологической литературы | ||
| c | Дата издания | 1940 | ||
| 300 | a | Объем | 524 с. | |
| b | Иллюстрации/ тип воспроизводства | ил. | ||
| 336 | a | Термин вида содержания | Текст | |
| 337 | a | Термин типа средства | непосредственный | |
| 504 | a | Библиография | Прил.: с. 492. - Лит.: с. 495. - Предм. указ.: с. 505 | |
| 521 | 0_ | a | Примеч. о целев. назн. | студенты геологических специальностей |
| 650 | 14 | a | Основная рубрика | геология |
| a | Основная рубрика | науки о Земле | ||
| a | Основная рубрика | петрология (петрография) | ||
| 653 | 0_ | a | Ключевые слова | выветривание |
| a | Ключевые слова | горные породы | ||
| a | Ключевые слова | изверженные породы | ||
| a | Ключевые слова | магматические породы | ||
| a | Ключевые слова | магмы | ||
| a | Ключевые слова | метаморфизм | ||
| a | Ключевые слова | метаморфические породы | ||
| a | Ключевые слова | минералогический состав | ||
| a | Ключевые слова | осадочные породы | ||
| a | Ключевые слова | структура | ||
| a | Ключевые слова | текстуры | ||
| a | Ключевые слова | формы залегания | ||
| a | Ключевые слова | химический состав | ||
| 655 | a | Жанр/ форма (устаревшее) | учебное пособие | |
| 901 | t | Тип документа | m | |
| 952 | a | Тип литературы для КСУ ВШ | УИ | |
| 954 | a | Гриф | 1.8.2.1.26 |